| 000 | 01345cam a22003374a 4500 | ||
|---|---|---|---|
| 999 |
_c6828 _d6828 |
||
| 001 | 12483313 | ||
| 003 | OSt | ||
| 005 | 20210322103357.0 | ||
| 008 | 010726s2002 nyu b 001 0 eng | ||
| 010 | _a 2001036875 | ||
| 020 | _a0333970047 | ||
| 040 |
_aDLC _cDDC _dDLC |
||
| 042 | _apcc | ||
| 050 | 0 | 0 |
_aJC421 _b.D457 2002 |
| 082 | 0 | 0 |
_a321.8 _221 |
| 100 |
_aEdited by Meny,Yves;Surel,Yves; _913913 |
||
| 245 | 0 | 0 |
_aDemocracies and the populist challenge / _cedited by Yves Mény and Yves Surel ; with the editorial assistance of Clare Tame and Luís de Sousa. |
| 260 |
_aNew York : _bPalgrave, _c2002. |
||
| 300 |
_axii, 258 p. ; _c22 cm. |
||
| 504 | _aIncludes bibliographical references (p. 233-249) and index. | ||
| 650 | 0 |
_aDemocracy. _91184 |
|
| 650 | 0 |
_aPopulism. _913988 |
|
| 700 | 1 |
_aMény, Yves. _913989 |
|
| 700 | 1 |
_aSurel, Yves. _913990 |
|
| 856 | 4 | 2 |
_3Contributor biographical information _uhttp://www.loc.gov/catdir/bios/hol051/2001036875.html |
| 856 | 4 | 1 |
_3Table of contents _uhttp://www.loc.gov/catdir/toc/hol031/2001036875.html |
| 856 | 4 | 2 |
_3Publisher description _uhttp://www.loc.gov/catdir/description/hol031/2001036875.html |
| 906 |
_a7 _bcbc _corignew _d1 _eocip _f20 _gy-gencatlg |
||
| 942 |
_2lcc _cO_SHELF |
||